Statistics for Rush - The Pass Lyrics

Click here to take the quiz!

General Stats

  • This quiz has been taken 7 times
  • The average score is 304 of 339

Answer Stats

Answer% Correct
a
100%
all
100%
and
100%
around
100%
at
100%
back
100%
be
100%
cars
100%
cause
100%
do
100%
don't
100%
for
100%
have
100%
in
100%
into
100%
it
100%
life
100%
look
100%
me
100%
no
100%
not
100%
of
100%
on
100%
the
100%
to
100%
turn
100%
us
100%
walk
100%
what
100%
who
100%
with
100%
you
100%
your
100%
by
86%
can't
86%
christ
86%
done
86%
down
86%
dreamers
86%
edge
86%
face
86%
get
86%
it's
86%
learn
86%
lost
86%
nothing
86%
out
86%
razor's
86%
right
86%
stars
86%
storm
86%
this
86%
thought
86%
time
86%
without
86%
would
86%
you're
86%
applause
71%
as
71%
chains
71%
conscience
71%
daring
71%
darkness
71%
door
71%
electrical
71%
escape
71%
fate
71%
fight
71%
frequency
71%
glory
71%
gutter
71%
heartless
71%
hero
71%
if
71%
invisible
71%
ledge
71%
noble
71%
nothing's
71%
now
71%
raging
71%
rebel
71%
rocky
71%
schoolyard
71%
sea
71%
seem
71%
slam
71%
someone
71%
staring
71%
static
71%
steer
71%
surrender
71%
swagger
71%
tragedy
71%
unreachable
71%
veins
71%
waiting
71%
will
71%
world's
71%
act
57%
alone
57%
bad
57%
barricade
57%
blocks
57%
example
57%
explode
57%
made
57%
only
57%
proud
57%
road
57%
salutes
57%
set
57%
straining
57%
trembling
57%
wanting
57%
warrior
57%
matyr
29%

Score Distribution

Percentile by Number Answered

Percent of People with Each Score

Your Score History

You have not taken this quiz